00364 2200157 4500001002100000005001500021035002000036245002300056100001200079300002800091260003100119082000800150084001400158020002200172990001200194INLIS00000000000315520251126100819 a0010-11250000161 aAntares /cRweinda0 aRweinda a448 hlm ;c14 x 19,5 cm aJakarta :bLoveable,c2020 a813 a813 RWE a a978-623-6533-78-9 a0754556